| 000 | 00488nam a22001817a 4500 | ||
|---|---|---|---|
| 003 | LK-CoDNM | ||
| 005 | 20250130103854.0 | ||
| 008 | 250130b |||||||| |||| 00| 0 eng d | ||
| 040 |
_aLK-CoDNM _dLK-CoDNM _eLK-CoDNM |
||
| 041 | _aeng | ||
| 080 |
_a13 _bR11 |
||
| 100 | _aHertwig,Dr.Oscar | ||
| 245 |
_aThe cell _boutlines of general anatomy and physiology |
||
| 260 |
_aLondon _bSwan sonnenschein and co _c1895 |
||
| 300 | _axvi, 368p. : ill ; 21 cm | ||
| 650 | _aCells | ||
| 942 | _cBK | ||
| 999 |
_c237673 _d237673 |
||